[Event "41. Open Ciutat de Badalona 2015"]
[Site "Badalona ESP"]
[Date "2015.08.02"]
[Round "1.1"]
[White "Valls Marti, Artur"]
[Black "Cori, Jorge"]
[Result "0-1"]
[WhiteElo "2182"]
[BlackElo "2635"]
[PlyCount "70"]
[EventDate "2015.08.02"]
[EventType "swiss"]
[EventRounds "9"]
[EventCountry "ESP"]
[SourceTitle "Ajedrez en Madrid"]
[Source "lmi"]
[SourceDate "2015.08.02"]
[SourceVersion "1"]
[SourceVersionDate "2018.07.18"]
[SourceQuality "1"]

1. f4 d5 2. Nf3 c5 3. e3 g6 4. Be2 Bg7 5. O-O Nc6 6. d4 Nf6 7. c3 O-O 8. Qe1
cxd4 9. exd4 Bf5 10. Nbd2 Qb6 11. Kh1 Ne4 12. Nxe4 Bxe4 13. Ng5 e6 14. b3 Rac8
15. Qh4 h6 16. Nxe4 dxe4 17. f5 exf5 18. Bxh6 Bxh6 19. Qxh6 Ne7 20. Bc4 Qa5 21.
Qg5 b5 22. Qxe7 bxc4 23. b4 Qd5 24. Rae1 Rfe8 25. Qxa7 Kg7 26. a4 Qd6 27. Qa5
e3 28. Re2 Qc6 29. d5 Qd6 30. Qa7 Re4 31. a5 Rh8 32. h3 Qg3 33. Rfe1 Reh4 34.
Kg1 Rxh3 35. Qd4+ Kg8 0-1

[Event "41. Open Ciutat de Badalona 2015"]
[Site "Badalona ESP"]
[Date "2015.08.02"]
[Round "1.2"]
[White "Grigoryan, Karen H."]
[Black "Shatko, Danil"]
[Result "1-0"]
[WhiteElo "2582"]
[BlackElo "2177"]
[PlyCount "51"]
[EventDate "2015.08.02"]
[EventType "swiss"]
[EventRounds "9"]
[EventCountry "ESP"]
[SourceTitle "Ajedrez en Madrid"]
[Source "lmi"]
[SourceDate "2015.08.02"]
[SourceVersion "1"]
[SourceVersionDate "2018.07.18"]
[SourceQuality "1"]

1. d4 d5 2. c4 e6 3. Nf3 Nf6 4. g3 Be7 5. Bg2 O-O 6. O-O dxc4 7. Qc2 a6 8. a4
Nc6 9. Qxc4 Nb4 10. Qb3 Qd5 11. Qd1 Rd8 12. Nc3 Qf5 13. e4 Qh5 14. Qe2 c5 15.
dxc5 Bxc5 16. Bf4 Nc6 17. Rad1 Bd7 18. e5 Ne8 19. Ne4 Be7 20. h3 Nb4 21. g4 Qg6
22. g5 Nd5 23. Bc1 Qf5 24. Rd4 Bc6 25. Rfd1 Nf4 26. Bxf4 1-0

[Event "41. Open Ciutat de Badalona 2015"]
[Site "Badalona ESP"]
[Date "2015.08.02"]
[Round "1.3"]
[White "Ivanov, Mike"]
[Black "Peralta, Fernando"]
[Result "1/2-1/2"]
[WhiteElo "2173"]
[BlackElo "2564"]
[PlyCount "119"]
[EventDate "2015.08.02"]
[EventType "swiss"]
[EventRounds "9"]
[EventCountry "ESP"]
[SourceTitle "Ajedrez en Madrid"]
[Source "lmi"]
[SourceDate "2015.08.02"]
[SourceVersion "1"]
[SourceVersionDate "2018.07.18"]
[SourceQuality "1"]

1. e4 d6 2. Nc3 Nf6 3. g3 e5 4. Bg2 Be7 5. Nf3 O-O 6. O-O c6 7. d4 Qc7 8. a4 a5
9. Re1 Re8 10. h3 Na6 11. Be3 Nb4 12. Qd2 Be6 13. Ng5 Bc4 14. f4 Rad8 15. Qf2
exd4 16. Bxd4 c5 17. Be3 d5 18. exd5 Nfxd5 19. Nxd5 Bxd5 20. Nf3 Bf6 21. Bxc5
Bxb2 22. Bb6 Qxc2 23. Rxe8+ Rxe8 24. Qxc2 Nxc2 25. Rb1 Bc3 26. Rb5 Bc6 27. Rc5
Nd4 28. Ne5 Ne2+ 29. Kh2 Be1 30. Bxc6 bxc6 31. Kg2 Bxg3 32. Nxc6 Bxf4 33. Rxa5
Bd6 34. Ra7 f5 35. Rd7 Re6 36. a5 Bf8 37. a6 Rxc6 38. a7 Nf4+ 39. Kf3 Rxb6 40.
a8=Q Ng6 41. Qd5+ Kh8 42. Rf7 Rb8 43. Kg3 f4+ 44. Kg4 Re8 45. Rf5 Re3 46. Rxf8+
Nxf8 47. Kxf4 Re8 48. h4 Ng6+ 49. Kg3 Nf8 50. Qf7 Rc8 51. h5 h6 52. Kf4 Nh7 53.
Ke5 Nf6 54. Kd6 Rd8+ 55. Ke6 Rd5 56. Qc7 Rxh5 57. Kf7 Rg5 58. Qc8+ Kh7 59. Qc2+
Kh8 60. Qc8+ 1/2-1/2

[Event "41. Open Ciutat de Badalona 2015"]
[Site "Badalona ESP"]
[Date "2015.08.02"]
[Round "1.4"]
[White "Lopez Martinez, Josep Manuel"]
[Black "Ryan, Joseph"]
[Result "1-0"]
[WhiteElo "2540"]
[BlackElo "2169"]
[PlyCount "55"]
[EventDate "2015.08.02"]
[EventType "swiss"]
[EventRounds "9"]
[EventCountry "ESP"]
[SourceTitle "Ajedrez en Madrid"]
[Source "lmi"]
[SourceDate "2015.08.02"]
[SourceVersion "1"]
[SourceVersionDate "2018.07.18"]
[SourceQuality "1"]

1. Nf3 d5 2. c4 d4 3. g3 g6 4. Bg2 Bg7 5. O-O e5 6. d3 Ne7 7. b4 O-O 8. Nfd2 c6
9. a4 Nd7 10. Nb3 h5 11. N1d2 h4 12. Ne4 Nf6 13. Nxf6+ Bxf6 14. b5 hxg3 15.
hxg3 Kg7 16. Nc5 Rh8 17. e3 Qg8 18. Qf3 Qh7 19. Re1 Qh2+ 20. Kf1 Rh5 21. Ne4
Ng8 22. exd4 exd4 23. g4 Rh7 24. Bf4 Qh4 25. Nxf6 Nxf6 26. Be5 Rh6 27. bxc6
bxc6 28. Qxc6 1-0

[Event "41. Open Ciutat de Badalona 2015"]
[Site "Badalona ESP"]
[Date "2015.08.02"]
[Round "1.5"]
[White "Perez Otero, Juan Antonio"]
[Black "Narciso Dublan, Marc"]
[Result "0-1"]
[WhiteElo "2169"]
[BlackElo "2532"]
[PlyCount "60"]
[EventDate "2015.08.02"]
[EventType "swiss"]
[EventRounds "9"]
[EventCountry "ESP"]
[SourceTitle "Ajedrez en Madrid"]
[Source "lmi"]
[SourceDate "2015.08.02"]
[SourceVersion "1"]
[SourceVersionDate "2018.07.18"]
[SourceQuality "1"]

1. d4 Nf6 2. c4 e6 3. Nc3 Bb4 4. e3 b6 5. Bd3 Bb7 6. Nf3 Ne4 7. Bd2 Bxc3 8.
Bxe4 Bxe4 9. Bxc3 d6 10. O-O Nd7 11. Nd2 Bb7 12. e4 e5 13. f4 Qe7 14. Qc2 O-O
15. Rae1 exf4 16. Rxf4 Rae8 17. Ref1 c5 18. d5 Ne5 19. Nf3 Ng6 20. Rg4 Bc8 21.
Rg3 Qxe4 22. Qxe4 Rxe4 23. Nd2 Re2 24. h4 h5 25. Nf3 Bg4 26. Nh2 f5 27. Nxg4
fxg4 28. Re1 Rff2 29. Rxe2 Rxe2 30. Kf1 Re4 0-1

[Event "41. Open Ciutat de Badalona 2015"]
[Site "Badalona ESP"]
[Date "2015.08.02"]
[Round "1.6"]
[White "Alsina Leal, Daniel"]
[Black "Cristofari, Antoine"]
[Result "1-0"]
[WhiteElo "2531"]
[BlackElo "2141"]
[PlyCount "59"]
[EventDate "2015.08.02"]
[EventType "swiss"]
[EventRounds "9"]
[EventCountry "ESP"]
[SourceTitle "Ajedrez en Madrid"]
[Source "lmi"]
[SourceDate "2015.08.02"]
[SourceVersion "1"]
[SourceVersionDate "2018.07.18"]
[SourceQuality "1"]

1. e4 e5 2. Nf3 Nc6 3. Bb5 f5 4. d3 fxe4 5. dxe4 Nf6 6. Qe2 Bc5 7. Bxc6 bxc6 8.
Nxe5 d5 9. Nxc6 Qd6 10. exd5+ Kf8 11. O-O Qxd5 12. Ne5 Bb7 13. Nf3 Re8 14. Be3
Bd6 15. h3 h6 16. Nc3 Qh5 17. Rad1 g5 18. Nh2 g4 19. Rxd6 cxd6 20. hxg4 Qh4 21.
Qd3 Re6 22. Bf4 Rg8 23. Bxd6+ Kf7 24. Bg3 Qg5 25. Nb5 Ne4 26. Nc7 Rb6 27. Nf3
Qe7 28. Nd5 Qc5 29. Nxb6 Nxg3 30. Nd7 1-0

[Event "41. Open Ciutat de Badalona 2015"]
[Site "Badalona ESP"]
[Date "2015.08.02"]
[Round "1.7"]
[White "Farkas, Daniel"]
[Black "Harutyunian, Tigran K."]
[Result "0-1"]
[WhiteElo "2123"]
[BlackElo "2472"]
[PlyCount "48"]
[EventDate "2015.08.02"]
[EventType "swiss"]
[EventRounds "9"]
[EventCountry "ESP"]
[SourceTitle "Ajedrez en Madrid"]
[Source "lmi"]
[SourceDate "2015.08.02"]
[SourceVersion "1"]
[SourceVersionDate "2018.07.18"]
[SourceQuality "1"]

1. e4 e5 2. Nf3 Nc6 3. Bc4 Bc5 4. c3 Nf6 5. d3 O-O 6. O-O d5 7. exd5 Nxd5 8.
Nbd2 Bg4 9. Ne4 Bb6 10. h3 Bh5 11. Re1 f6 12. Ng3 Bf7 13. Nf5 Kh8 14. g4 Qd7
15. Bb3 Rad8 16. d4 exd4 17. N5xd4 Nxd4 18. Nxd4 Rfe8 19. Bc2 Qd6 20. Re4 Rxe4
21. Bxe4 Re8 22. Qf3 Qe5 23. Bd3 Bxd4 24. cxd4 Qxd4 0-1

[Event "41. Open Ciutat de Badalona 2015"]
[Site "Badalona ESP"]
[Date "2015.08.02"]
[Round "1.8"]
[White "Pardo Simon, David"]
[Black "Balague Camps, Marc"]
[Result "1-0"]
[WhiteElo "2468"]
[BlackElo "2115"]
[PlyCount "67"]
[EventDate "2015.08.02"]
[EventType "swiss"]
[EventRounds "9"]
[EventCountry "ESP"]
[SourceTitle "Ajedrez en Madrid"]
[Source "lmi"]
[SourceDate "2015.08.02"]
[SourceVersion "1"]
[SourceVersionDate "2018.07.18"]
[SourceQuality "1"]

1. d4 Nf6 2. Nf3 e6 3. e3 g6 4. Bd3 Bg7 5. e4 d6 6. O-O O-O 7. e5 Nd5 8. Bg5 f6
9. exf6 Bxf6 10. Bh6 Bg7 11. Bxg7 Kxg7 12. Re1 Nc6 13. Nbd2 Bd7 14. Bf1 h6 15.
c4 Nf6 16. Qb3 a5 17. Qc3 Ne7 18. g3 g5 19. Bg2 Ra7 20. h3 Qe8 21. Ne4 Qg6 22.
Nfd2 Nxe4 23. Nxe4 Kg8 24. Rad1 Qg7 25. c5 Nd5 26. Qd2 Nf6 27. cxd6 Nxe4 28.
Bxe4 cxd6 29. Qe3 Ra6 30. Rc1 d5 31. Bf3 Rb6 32. b3 Rb4 33. Red1 e5 34. Bxd5+
1-0

[Event "41. Open Ciutat de Badalona 2015"]
[Site "Badalona ESP"]
[Date "2015.08.02"]
[Round "1.9"]
[White "Fernandez Serrano, Pau"]
[Black "Garriga Cazorla, Pere"]
[Result "0-1"]
[WhiteElo "2114"]
[BlackElo "2461"]
[PlyCount "76"]
[EventDate "2015.08.02"]
[EventType "swiss"]
[EventRounds "9"]
[EventCountry "ESP"]
[SourceTitle "Ajedrez en Madrid"]
[Source "lmi"]
[SourceDate "2015.08.02"]
[SourceVersion "1"]
[SourceVersionDate "2018.07.18"]
[SourceQuality "1"]

1. d4 c5 2. c3 Nf6 3. Nf3 g6 4. Bf4 Bg7 5. e3 O-O 6. Be2 b6 7. h3 Bb7 8. O-O d6
9. Re1 Nbd7 10. Bf1 Re8 11. Bh2 e5 12. Na3 Qe7 13. Nb5 Red8 14. a4 a6 15. Na3
e4 16. Nd2 d5 17. dxc5 Nxc5 18. Nc2 Nfd7 19. Nd4 Ne5 20. Bxe5 Bxe5 21. b4 Ne6
22. N2b3 Rac8 23. Qd2 h5 24. Rec1 Bb8 25. Nxe6 Qxe6 26. Nd4 Qd6 27. f4 exf3 28.
Nxf3 Re8 29. Re1 Qf6 30. Qd4 Qc6 31. b5 Qc7 32. bxa6 Ba8 33. Rab1 Re4 34. Qxb6
Ba7 35. Qxc7 Rxc7 36. Kh1 Rxa4 37. Nd4 Re7 38. Nc2 Kg7 0-1

[Event "41. Open Ciutat de Badalona 2015"]
[Site "Badalona ESP"]
[Date "2015.08.02"]
[Round "1.10"]
[White "Cruz, Jonathan"]
[Black "Molano Lafuente, Ismael"]
[Result "1-0"]
[WhiteElo "2450"]
[BlackElo "2101"]
[PlyCount "73"]
[EventDate "2015.08.02"]
[EventType "swiss"]
[EventRounds "9"]
[EventCountry "ESP"]
[SourceTitle "Ajedrez en Madrid"]
[Source "lmi"]
[SourceDate "2015.08.02"]
[SourceVersion "1"]
[SourceVersionDate "2018.07.18"]
[SourceQuality "1"]

1. c4 e6 2. Nf3 f5 3. g3 Nf6 4. Bg2 d5 5. O-O Bd6 6. d4 c6 7. b3 Qe7 8. a4 O-O
9. Ba3 Nbd7 10. Qc1 e5 11. dxe5 Nxe5 12. Nxe5 Qxe5 13. Bb2 Qe7 14. cxd5 Nxd5
15. e3 Be6 16. Rd1 Rad8 17. Na3 Bxa3 18. Bxa3 Nb4 19. Qc3 a5 20. Qe5 Ra8 21.
Rd4 Rfe8 22. Rb1 c5 23. Bxb4 axb4 24. Rd6 Rad8 25. Rxd8 Rxd8 26. Bxb7 Qxb7 27.
Qxe6+ Qf7 28. Qb6 Rc8 29. a5 Qd5 30. a6 h5 31. h4 Re8 32. a7 Kh7 33. Qb8 Qa8
34. Qxa8 Rxa8 35. Ra1 c4 36. bxc4 b3 37. Kg2 1-0

[Event "41. Open Ciutat de Badalona 2015"]
[Site "Badalona ESP"]
[Date "2015.08.03"]
[Round "2.1"]
[White "Cori, Jorge"]
[Black "Lopez Mulet, Inigo"]
[Result "1-0"]
[WhiteElo "2635"]
[BlackElo "2332"]
[PlyCount "55"]
[EventDate "2015.08.02"]
[EventType "swiss"]
[EventRounds "9"]
[EventCountry "ESP"]
[SourceTitle "Ajedrez en Madrid"]
[Source "lmi"]
[SourceDate "2015.08.02"]
[SourceVersion "1"]
[SourceVersionDate "2018.07.18"]
[SourceQuality "1"]

1. e4 e6 2. Qe2 c5 3. g3 Nc6 4. Nf3 g6 5. Bg2 Bg7 6. d3 d6 7. c3 e5 8. a3 Nge7
9. b4 a6 10. O-O h6 11. Be3 b6 12. h3 O-O 13. Qd2 Kh7 14. d4 exd4 15. cxd4 d5
16. Nc3 dxe4 17. Nxe4 f5 18. Neg5+ hxg5 19. Nxg5+ Kh8 20. d5 Ne5 21. Rac1 Bd7
22. bxc5 bxc5 23. Bxc5 Nf7 24. Rfe1 Ng8 25. Bxf8 Qxf8 26. Nxf7+ Qxf7 27. d6 Qf6
28. Bxa8 1-0

[Event "41. Open Ciutat de Badalona 2015"]
[Site "Badalona ESP"]
[Date "2015.08.03"]
[Round "2.2"]
[White "Jose Abril, Ramon"]
[Black "Grigoryan, Karen H."]
[Result "0-1"]
[WhiteElo "2337"]
[BlackElo "2582"]
[PlyCount "112"]
[EventDate "2015.08.02"]
[EventType "swiss"]
[EventRounds "9"]
[EventCountry "ESP"]
[SourceTitle "Ajedrez en Madrid"]
[Source "lmi"]
[SourceDate "2015.08.02"]
[SourceVersion "1"]
[SourceVersionDate "2018.07.18"]
[SourceQuality "1"]

1. e4 c6 2. d4 d5 3. e5 Bf5 4. h4 h5 5. Bd3 Bxd3 6. Qxd3 e6 7. Bg5 Qb6 8. Nd2
Qa6 9. c4 Bb4 10. b3 c5 11. dxc5 Nc6 12. Ngf3 Nge7 13. Bxe7 Nxe7 14. O-O Bxc5
15. a3 Ng6 16. b4 Be7 17. g3 Rd8 18. Qb3 b6 19. Rac1 O-O 20. cxd5 Rxd5 21. Nc4
Rc8 22. Ne3 Rdd8 23. Rxc8 Rxc8 24. Rd1 Qb7 25. Nf1 Qc6 26. Qe3 a5 27. bxa5 bxa5
28. N1h2 Qc3 29. Qxc3 Rxc3 30. a4 Rc4 31. Rd4 Nxe5 32. Kg2 Rc5 33. Nxe5 Rxe5
34. Nf3 Rc5 35. Nd2 Rc2 36. Nb3 Bb4 37. Rd8+ Kh7 38. Ra8 Ra2 39. Ra7 Kg6 40.
Nxa5 Bc5 41. Rb7 Rxf2+ 42. Kh1 Ra2 43. Nc4 Rxa4 44. Ne5+ Kf5 45. Nd3 Bd4 46.
Rxf7+ Kg4 47. Nf4 Bf6 48. Kg2 Ra2+ 49. Kf1 e5 50. Nd5 Kf3 51. Ke1 Ra6 52. Nxf6
gxf6 53. Rh7 e4 54. Rxh5 Ra1+ 55. Kd2 e3+ 56. Kd3 Rd1+ 0-1

[Event "41. Open Ciutat de Badalona 2015"]
[Site "Badalona ESP"]
[Date "2015.08.03"]
[Round "2.3"]
[White "Vehi Bach, Victor Manuel"]
[Black "Lopez Martinez, Josep Manuel"]
[Result "1/2-1/2"]
[WhiteElo "2330"]
[BlackElo "2540"]
[PlyCount "134"]
[EventDate "2015.08.02"]
[EventType "swiss"]
[EventRounds "9"]
[EventCountry "ESP"]
[SourceTitle "Ajedrez en Madrid"]
[Source "lmi"]
[SourceDate "2015.08.02"]
[SourceVersion "1"]
[SourceVersionDate "2018.07.18"]
[SourceQuality "1"]

1. e4 c5 2. Nf3 Nc6 3. d4 cxd4 4. Nxd4 e6 5. Nc3 Qc7 6. Be3 a6 7. Qd2 Nf6 8.
O-O-O Be7 9. f3 h5 10. Qf2 b5 11. Nxc6 dxc6 12. Bb6 Qf4+ 13. Be3 Qd6 14. Bc5
Qc7 15. Bb6 Qb8 16. Bc5 Ng8 17. Bxe7 Nxe7 18. Qd4 O-O 19. Qc5 Qc7 20. Qxh5 e5
21. f4 exf4 22. e5 Bf5 23. Bd3 Qxe5 24. Rhe1 Qf6 25. Rxe7 Bxd3 26. Qe5 Qxe5 27.
Rxe5 Bg6 28. Rd4 f6 29. Re7 Rfe8 30. Rxe8+ Rxe8 31. Rxf4 Re1+ 32. Kd2 Rg1 33.
Rf2 b4 34. Nd1 a5 35. a3 c5 36. Ne3 Rb1 37. Nc4 Bf7 38. Nxa5 Rxb2 39. axb4 cxb4
40. Kc1 Ra2 41. Nc6 b3 42. Nd4 Bd5 43. Rd2 bxc2 44. Nxc2 Be4 45. g3 f5 46. Nd4
Ra1+ 47. Kb2 Rf1 48. Ne6 Kf7 49. Nc5 Kf6 50. Kc3 Bh1 51. Kd4 Re1 52. Kd3 Kg5
53. Re2 Rc1 54. Ne6+ Kf6 55. Nd4 g5 56. Ke3 Be4 57. Rb2 Re1+ 58. Kf2 Rh1 59.
Ke3 Re1+ 60. Kf2 Ra1 61. Rb6+ Kf7 62. Ne6 Ra2+ 63. Ke3 Ra3+ 64. Kd4 Ra4+ 65.
Ke3 Ra3+ 66. Kd4 Ra4+ 67. Ke3 Ra3+ 1/2-1/2

[Event "41. Open Ciutat de Badalona 2015"]
[Site "Badalona ESP"]
[Date "2015.08.03"]
[Round "2.4"]
[White "Narciso Dublan, Marc"]
[Black "Morales, Jhon Alexander"]
[Result "1/2-1/2"]
[WhiteElo "2532"]
[BlackElo "2308"]
[PlyCount "138"]
[EventDate "2015.08.02"]
[EventType "swiss"]
[EventRounds "9"]
[EventCountry "ESP"]
[SourceTitle "Ajedrez en Madrid"]
[Source "lmi"]
[SourceDate "2015.08.02"]
[SourceVersion "1"]
[SourceVersionDate "2018.07.18"]
[SourceQuality "1"]

1. d4 Nf6 2. c4 g6 3. Nc3 Bg7 4. e4 d6 5. Be2 O-O 6. Nf3 c5 7. O-O cxd4 8. Nxd4
Nc6 9. Be3 Nxd4 10. Bxd4 Bd7 11. Qd2 Bc6 12. Bd3 a5 13. b3 Nd7 14. Bxg7 Kxg7
15. Rae1 Re8 16. Re3 e5 17. Rd1 Re6 18. Bf1 Nc5 19. Qc2 Qb6 20. Rb1 Qd8 21.
Ree1 Re7 22. f3 Qf8 23. Rbd1 Rd7 24. Qf2 Kh8 25. Rd2 Rdd8 26. f4 exf4 27. Qxf4
Qg7 28. Nd5 Ne6 29. Qh4 Qe5 30. Rf2 Bxd5 31. cxd5 Ng5 32. Qf4 Re8 33. h4 Nxe4
34. Qxe5+ Rxe5 35. Rxf7 b6 36. Bb5 Rd8 37. Bc6 Nc3 38. Ref1 Nxd5 39. Rb7 Ne7
40. Bf3 b5 41. Rc1 Kg7 42. Ra7 b4 43. Rc6 Kf6 44. Rca6 h5 45. Rxa5 Rxa5 46.
Rxa5 Rb8 47. Kf2 Nf5 48. g3 Rc8 49. Be4 Rc3 50. Bxf5 gxf5 51. Ra4 Ke5 52. Rxb4
Rc2+ 53. Ke3 Rxa2 54. Rb8 Rg2 55. Kf3 Rc2 56. b4 Rc3+ 57. Kf2 Rc2+ 58. Kf3 Rc3+
59. Kg2 Rc2+ 60. Kh3 Rb2 61. b5 f4 62. b6 fxg3 63. Kxg3 Rb3+ 64. Kf2 Kd5 65.
Rh8 Rxb6 66. Rxh5+ Ke6 67. Rh8 Kf6 68. Ke3 Kg7 69. Rd8 Rb4 1/2-1/2

[Event "41. Open Ciutat de Badalona 2015"]
[Site "Badalona ESP"]
[Date "2015.08.03"]
[Round "2.5"]
[White "Olivares Canelles, Francisco"]
[Black "Alsina Leal, Daniel"]
[Result "0-1"]
[WhiteElo "2305"]
[BlackElo "2531"]
[PlyCount "68"]
[EventDate "2015.08.02"]
[EventType "swiss"]
[EventRounds "9"]
[EventCountry "ESP"]
[SourceTitle "Ajedrez en Madrid"]
[Source "lmi"]
[SourceDate "2015.08.02"]
[SourceVersion "1"]
[SourceVersionDate "2018.07.18"]
[SourceQuality "1"]

1. d4 Nf6 2. c4 c5 3. d5 b5 4. Qc2 bxc4 5. e4 e6 6. Bxc4 exd5 7. exd5 d6 8. Nc3
Be7 9. h3 Nbd7 10. Nf3 O-O 11. O-O Nb6 12. b3 a5 13. a4 Bb7 14. Qd3 Ne8 15. Bf4
Bf6 16. Rad1 Bxc3 17. Qxc3 Nc7 18. Ng5 h6 19. Ne4 Ncxd5 20. Bxd5 Nxd5 21. Rxd5
Bxd5 22. Bxh6 f6 23. Qg3 Qc7 24. Nxd6 Rab8 25. Re1 Rxb3 26. Qg6 Rb4 27. Re3 Be4
28. Qg4 Rb1+ 29. Kh2 Qxd6+ 30. Rg3 Rb7 31. Qxe4 Rff7 32. Bf4 Qe7 33. Qf5 Rb4
34. Re3 Qd7 0-1

[Event "41. Open Ciutat de Badalona 2015"]
[Site "Badalona ESP"]
[Date "2015.08.03"]
[Round "2.6"]
[White "Harutyunian, Tigran K."]
[Black "Vidarte Morales, Arturo"]
[Result "1-0"]
[WhiteElo "2472"]
[BlackElo "2304"]
[PlyCount "67"]
[EventDate "2015.08.02"]
[EventType "swiss"]
[EventRounds "9"]
[EventCountry "ESP"]
[SourceTitle "Ajedrez en Madrid"]
[Source "lmi"]
[SourceDate "2015.08.02"]
[SourceVersion "1"]
[SourceVersionDate "2018.07.18"]
[SourceQuality "1"]

1. c4 f5 2. Nc3 Nf6 3. d4 d6 4. g3 g6 5. Bg2 Bg7 6. Nf3 O-O 7. O-O c6 8. Qc2
Na6 9. Rb1 Ne4 10. b4 d5 11. b5 Nxc3 12. Qxc3 Nc5 13. bxc6 Ne4 14. cxb7 Bxb7
15. Qa3 Qd7 16. c5 Bc6 17. Bf4 h6 18. Be5 Bf6 19. Rb2 Kh7 20. Rfb1 g5 21. Bxf6
exf6 22. Ne1 f4 23. f3 fxg3 24. fxe4 gxh2+ 25. Kxh2 dxe4 26. Qg3 Rad8 27. Nd3
Qxd4 28. Rb4 Qd7 29. Bxe4+ Bxe4 30. Rxe4 f5 31. c6 Qxc6 32. Re7+ Kg8 33. Rbb7
Rf6 34. Ne5 1-0

[Event "41. Open Ciutat de Badalona 2015"]
[Site "Badalona ESP"]
[Date "2015.08.03"]
[Round "2.7"]
[White "Pogorelov, Ruslan"]
[Black "Pardo Simon, David"]
[Result "0-1"]
[WhiteElo "2302"]
[BlackElo "2468"]
[PlyCount "112"]
[EventDate "2015.08.02"]
[EventType "swiss"]
[EventRounds "9"]
[EventCountry "ESP"]
[SourceTitle "Ajedrez en Madrid"]
[Source "lmi"]
[SourceDate "2015.08.02"]
[SourceVersion "1"]
[SourceVersionDate "2018.07.18"]
[SourceQuality "1"]

1. c4 f5 2. d4 Nf6 3. g3 g6 4. Bg2 Bg7 5. Nc3 O-O 6. Nh3 e6 7. Nf4 Nc6 8. O-O
Qe7 9. e3 d6 10. d5 Ne5 11. Nxe6 Bxe6 12. dxe6 c6 13. b3 Ne4 14. Nxe4 fxe4 15.
Bxe4 Nxc4 16. Rb1 Nb6 17. Qg4 Rf6 18. Bg2 Rxe6 19. Ba3 Rf8 20. Rbd1 Ref6 21. e4
c5 22. Bc1 Re6 23. Bg5 Qe8 24. Be3 Nd7 25. Bh3 Re7 26. Rxd6 Nf6 27. Qd1 Nxe4
28. Rd7 Nc3 29. Rxe7 Qxe7 30. Qd3 b6 31. a4 Rd8 32. Qc4+ Kh8 33. a5 Nd5 34. Bd2
Bd4 35. Qc2 Qe2 36. Qc1 Re8 37. Bg2 Nf6 38. Bc3 Re7 39. axb6 axb6 40. Qa1 Bxc3
41. Qxc3 Kg7 42. h4 h5 43. Qc4 Ng4 44. Qc3+ Kh7 45. Bf3 Qe5 46. Qxe5 Nxe5 47.
Kg2 Nd3 48. Bd5 Re2 49. Bc4 Rd2 50. Kf3 Ne5+ 51. Ke3 Rc2 52. Be6 Kh6 53. f4 Nc6
54. f5 gxf5 55. Rxf5 Rc3+ 56. Kf4 Nd4 0-1

[Event "41. Open Ciutat de Badalona 2015"]
[Site "Badalona ESP"]
[Date "2015.08.03"]
[Round "2.8"]
[White "Garriga Cazorla, Pere"]
[Black "Vittorino, Carlo Giovanni"]
[Result "1/2-1/2"]
[WhiteElo "2461"]
[BlackElo "2301"]
[PlyCount "90"]
[EventDate "2015.08.02"]
[EventType "swiss"]
[EventRounds "9"]
[EventCountry "ESP"]
[SourceTitle "Ajedrez en Madrid"]
[Source "lmi"]
[SourceDate "2015.08.02"]
[SourceVersion "1"]
[SourceVersionDate "2018.07.18"]
[SourceQuality "1"]

1. d4 d5 2. c4 e6 3. Nc3 Be7 4. cxd5 exd5 5. Bf4 c6 6. Qc2 Nf6 7. e3 Nh5 8. Be5
Nd7 9. Be2 Nxe5 10. dxe5 g6 11. Bxh5 gxh5 12. O-O-O f6 13. e4 d4 14. exf6 Bxf6
15. Nce2 Qa5 16. Kb1 Be6 17. Nc1 O-O 18. f4 c5 19. Nf3 c4 20. Rxd4 Bxd4 21.
Nxd4 Qb6 22. Nce2 Rad8 23. Qc3 Bg4 24. Qxc4+ Rf7 25. Rc1 Bxe2 26. Nxe2 Rd2 27.
Rc2 Rd1+ 28. Nc1 Rd4 29. Qe2 Qe6 30. Qxh5 Qxe4 31. Qg4+ Kf8 32. Qc8+ Kg7 33.
Qc3 Kg8 34. a3 b5 35. g3 Rc4 36. Qb3 Rfc7 37. Nd3 Kg7 38. Rd2 Rd4 39. Ka2 Qd5
40. Qxd5 Rxd5 41. Kb1 a5 42. Rc2 Rxc2 43. Kxc2 Rh5 44. h4 Kf6 45. Kd2 Rd5
1/2-1/2

[Event "41. Open Ciutat de Badalona 2015"]
[Site "Badalona ESP"]
[Date "2015.08.03"]
[Round "2.9"]
[White "Buchenau, Frank"]
[Black "Cruz, Jonathan"]
[Result "0-1"]
[WhiteElo "2290"]
[BlackElo "2450"]
[PlyCount "64"]
[EventDate "2015.08.02"]
[EventType "swiss"]
[EventRounds "9"]
[EventCountry "ESP"]
[SourceTitle "Ajedrez en Madrid"]
[Source "lmi"]
[SourceDate "2015.08.02"]
[SourceVersion "1"]
[SourceVersionDate "2018.07.18"]
[SourceQuality "1"]

1. e4 e5 2. Bc4 Nf6 3. d3 Nc6 4. Nf3 Be7 5. O-O O-O 6. Re1 d6 7. a4 Be6 8. Nbd2
a6 9. a5 Na7 10. c3 h6 11. b4 Nc6 12. Qb3 Qd7 13. Nf1 Bg4 14. Nh4 Be6 15. Ne3
Rfd8 16. Nhf5 Bf8 17. Nd5 Nxd5 18. Bxd5 Re8 19. Ne3 Ne7 20. c4 c6 21. Bxe6 Qxe6
22. Bb2 Ng6 23. Rad1 Nf4 24. Bc3 Rad8 25. d4 exd4 26. Rxd4 Qg6 27. f3 d5 28.
cxd5 cxd5 29. g3 dxe4 30. Rxd8 Nh3+ 31. Kg2 exf3+ 32. Kxf3 Qe4+ 0-1

[Event "41. Open Ciutat de Badalona 2015"]
[Site "Badalona ESP"]
[Date "2015.08.03"]
[Round "2.10"]
[White "Gallego Alcaraz, Andres Felipe"]
[Black "Roy, Prantik"]
[Result "0-1"]
[WhiteElo "2443"]
[BlackElo "2292"]
[PlyCount "72"]
[EventDate "2015.08.02"]
[EventType "swiss"]
[EventRounds "9"]
[EventCountry "ESP"]
[SourceTitle "Ajedrez en Madrid"]
[Source "lmi"]
[SourceDate "2015.08.02"]
[SourceVersion "1"]
[SourceVersionDate "2018.07.18"]
[SourceQuality "1"]

1. d4 d5 2. c4 c6 3. Nf3 Nf6 4. Nc3 a6 5. e3 b5 6. b3 Bg4 7. h3 Bxf3 8. Qxf3 e5
9. dxe5 Bb4 10. Bd2 Bxc3 11. Bxc3 Ne4 12. Bb4 bxc4 13. Qg4 c5 14. f3 h5 15. Qf4
g5 16. Qh2 Qb6 17. fxe4 Qxb4+ 18. Kf2 Qd2+ 19. Be2 d4 20. Rhe1 Qxe3+ 21. Kf1 d3
22. Bf3 Qd4 23. bxc4 Nc6 24. e6 Ne5 25. exf7+ Kxf7 26. Qg1 d2 27. Red1 Qxc4+
28. Be2 Qc3 29. Rab1 Rhd8 30. Qh2 Ke6 31. Kg1 Qe3+ 32. Kh1 Rab8 33. Rxb8 Rxb8
34. Bc4+ Kd6 35. Bd5 c4 36. Rf1 Rf8 0-1